000 00338nam a2200133Ia 4500
008 240624s9999 xx 000 0 und d
041 _aeng
082 _a658.4 EDE
100 _aEDEN COLIN
245 _aMANAGERIAL AND ORGANIZATIONAL COGNITION
260 _c1998
_aLondon
_bSage Publications Ltd
300 _a272 : p.
365 _cBPS
_b25
999 _c18035
_d18035